000 00586nam a2200217 a 4500
001 BRCA_4070
005 20190320204532.0
008 160210s1962----nyu#######---#000-0#eng-#
041 _aeng
044 _anyu
050 4 _aPZ3
_b.M33 1962
100 1 _aMacDonald, Philip.
_910545
245 1 0 _aDeath and Chicanery
_ba Collection of Tales
_cPhilip MacDonald.
260 _aGarden City, Nueva York
_bDoubleday
_c1962
300 _a191 p.
_c28 cm.
440 0 _aA crime club selection
_9876
500 _aCEF30
650 1 4 _aNovelas policĂ­acas
_9877
902 _aGFM
942 _2lcc
_cB
999 _c3792
_d3792